000 00464nam a2200181Ia 4500
005 20240823025155.0
008 240823s9999||||xx |||||||||||||| ||und||
041 _aENGLISH
082 _A658.4012 P4
100 _aCMR
245 0 _aCase Studies on Mergers & Acquisitions Vol.I
250 _a1
260 _c2007
_bThe ICFAI University
_aHyderabad
500 _aYES
650 _aMergers & Acquisitions
_bManagement Studies
942 _cBK
999 _c185687
_d185687